Arxiu municipal : Cercs Cercs
Descripción Física:
[4] p. ; 21 cm
Materias:
Arxiu Municipal de Cercs -- Inventaris
MARC
| LEADER | 00000nam a2200000Ia 4500 | ||
|---|---|---|---|
| 001 | 15008 | ||
| 003 | BGR | ||
| 005 | 20260324175249.0 | ||
| 008 | 160829s9999 xx 000 0 cat d | ||
| 080 | |a FU-33-12 | ||
| 110 | 1 | |9 70401 |a Arxiu Municipal de Cercs | |
| 245 | |a Arxiu municipal : |b Cercs | ||
| 260 | |a Cercs : |b Ajuntament de Cercs, DL 2003 | ||
| 300 | |a [4] p. ; |c 21 cm | ||
| 590 | |a A la part superior de la portada: Diputació de Barcelona, Xarxa de Municipis, Àrea de Cultura. | ||
| 590 | |a A la contraportada: Oficina de Patrimoni Cultural | ||
| 650 | |a Arxiu Municipal de Cercs |x Inventaris |9 23844 | ||
| 710 | 1 | |a Barcelona (Catalunya : Província). |b Oficina de Patrimoni Cultural |9 52675 | |
| 710 | 1 | |a Cercs (Catalunya). |b Ajuntament |9 51607 | |
| 901 | |a Arxiu | ||
| 942 | |n 1 |2 udc |c MON | ||
| 952 | |0 0 |1 0 |4 0 |6 FU3312 |7 1 |9 42883 |a Arxiu |b Arxiu |d 2016-12-01 |l 0 |o FU-33-12 |p 15008 |r 2016-12-01 00:00:00 |w 2016-12-01 |y ARXIU | ||
| 999 | |c 45389 |d 45389 | ||